Statistiken für Geboren in Luxemburg

Klicken Sie hier um das Quiz zu spielen!

Allgemein

  • Dieses Quiz wurde 6 mal gespielt
  • Das Durchschnittsergebnis liegt bei 4 aus 12

Antwortstatistiken

HinweisAntwort% Korrekt
ehemaliger Radrennfahrer und Sieger der Tour de France 20101985Andy Schleck
80%
ehemaliger Radrennfahrer, Gewinner der Tour de Suisse 2010 und Dritter der Tour de France 20111980Fränk Schleck
80%
Sohn des Großherzog von Luxemburg und Thronfolger1981Guillaume
60%
Nummer zwei der luxemburgischen Thronfolge2020Charles
40%
Premierminister von Luxemburg seit 20131973Xavier Bettel
40%
ehemaliger Radrennfahrer und Gewinner der Tour de France 19581932Charly Gaul
20%
Premierminister von Luxemburg von 1974 bis 1979 und Präsident der Europäischen Kommission von 1981 bis 19851928Gaston Thorn
20%
ehemaliger Fußballer der für Kaiserslautern, Mönchengladbach, Metz und die luxemburgischer Nationalmannschaft1974Jeff Strasser
20%
Wissenschaftsjournalist und Moderator, "Quarks und Co" "W wie Wissen"1959Ranga Yogeshwar
20%
französischer Außenminister und einer der Gründerväter der Europäischen Union1886Robert Schuman
20%
französischer Physiker und Nobelpreisträger für Physik für die Entwicklung des nach ihm benannten Verfahren der Farbfotografie1845Gabriel Lippmann
0%
Schriftsteller, "Dr. Mabuse"1880Norbert Jacques
0%

Verteilung der Resultate

Perzentil nach korrekt beantworteten Fragen

Anzahl Personen mit jedem Resultat

Ihre Resultats-Entwicklung

Sie haben dieses Quiz noch nicht gespielt